000 00972nam a2200229 i 4500
001 104434
003 ES-MaACL
005 20250824063040.0
007 t|
008 051130s1942 sp f |||| | spa d
080 _a017.1(460.285 T.)
100 1 _aMillás Vallicrosa, José María,
_d1888-1970
_981191
245 1 4 _aLas traducciones orientales en los manuscritos de la Catedral de Toledo /
_cpor José María Millás Vallicrosa.
260 _aMadrid :
_b[Barcelona] :
_b[s.n.],
_c1942 (
_fImp. Escuela de la Casa Provincial de Caridad)
300 _a371 p., XVII lám. ;
_c28 cm.
594 _aPrecede al tít.: Consejo Superior de Investigaciones Científicas, Instituto Arias Montano.
650 4 _aManuscritos-
_zCatedral Primada de Toledo. Biblioteca Capitular-
_vCatálogos.
_9151097
710 2 _aInstituto "Arias Montano"
_94797
710 2 _aCasa Provincial de Caridad (Barcelona)
_92484
852 _aES-MaACL
_jF-15800
999 _c104434
_d104434